Loading...
| History - European | 0 | 6 | 0 | 2 | 60 | 86 | 115.17 | 1 | 5 | 0.00 | 0.00 |
| History - American | 0 | 6 | 1 | 0 | 55 | 66 | 89.83 | 2 | 5 | 0.00 | 0.00 |
| History - World | 0 | 5 | 0 | 0 | 50 | 106 | 115.20 | 1 | 4 | 0.00 | 0.00 |
| Other Arts: Visual | 1 | 1 | 0 | 1 | 25 | 56 | 88.50 | 0 | 2 | 0.00 | 0.00 |
| World and Other Literature | 0 | 2 | 0 | 0 | 20 | 107 | 126.50 | 1 | 2 | 0.00 | 0.00 |
| Current Events | 0 | 2 | 0 | 0 | 20 | 67 | 90.00 | 1 | 2 | 0.00 | 0.00 |
| Fine Arts - Visual | 0 | 2 | 0 | 0 | 20 | 125 | 134.50 | 0 | 2 | 0.00 | 0.00 |
| Science - Physics | 0 | 2 | 0 | 0 | 20 | 109 | 109.50 | 0 | 2 | 0.00 | 0.00 |
| Beliefs | 0 | 2 | 1 | 0 | 15 | 74 | 96.00 | 1 | 1 | 0.00 | 0.00 |
| Literature - European | 0 | 1 | 0 | 0 | 10 | 145 | 145.00 | 0 | 0 | 0.00 | 0.00 |
| Literature - American | 0 | 1 | 0 | 0 | 10 | 147 | 147.00 | 0 | 0 | 0.00 | 0.00 |
| Other Academic | 0 | 1 | 0 | 0 | 10 | 109 | 109.00 | 0 | 1 | 0.00 | 0.00 |
| Philosophy | 0 | 1 | 0 | 0 | 10 | 125 | 125.00 | 0 | 0 | 0.00 | 0.00 |
| Science - Biology | 0 | 1 | 0 | 0 | 10 | 133 | 133.00 | 0 | 1 | 0.00 | 0.00 |
| Social Science | 0 | 1 | 0 | 0 | 10 | 123 | 123.00 | 1 | 1 | 0.00 | 0.00 |
| Geography | 0 | 1 | 1 | 0 | 5 | 72 | 72.00 | 0 | 1 | 0.00 | 0.00 |
| British and Commonwealth History | 0 | 1 | 1 | 0 | 5 | 122 | 122.00 | 0 | 1 | 0.00 | 0.00 |
| 0 | 0 | 1 | 0 | -5 | 0.00 | 0 | 0 | 0.00 | 0.00 | ||
| Science - Chemistry | 0 | 0 | 1 | 0 | -5 | 0.00 | 0 | 0 | 0.00 | 0.00 |